[Event "POL-chT2 U18"]
[Site "Augustow"]
[Date "1996.??.??"]
[Round "?"]
[White "Paterek, Arkadiusz"]
[Black "Duda, Lukasz"]
[Result "1-0"]
[WhiteElo "1975"]
[BlackElo "1800"]
[PlyCount "87"]
[EventDate "1996.??.??"]
[EventType "team"]
[EventRounds "10"]
[EventCountry "POL"]
[SourceTitle "EXT 2003"]
[Source "ChessBase"]
[SourceDate "2002.11.25"]
[SourceVersion "1"]
[SourceVersionDate "2002.11.25"]
[SourceQuality "1"]

1. d4 Nf6 2. Nf3 g6 3. Bf4 Bg7 4. e3 d6 5. Bd3 0-0 6. Bg3 Nbd7 7. 0-0 c5 8. c3 Qb6 9. Qc2 Nh5 10. Nbd2 Nxg3 11. fxg3 e5 12. Nc4 Qc7 13. dxe5 dxe5 14. a4 Nb6 15. a5 Nd5 16. e4 Ne7 17. Nh4 Be6 18. Qa4 Rad8 19. Rfd1 f5 20. a6 b6 21. Na3 Kh8 22. Nb5 Qb8 23. Bc4 Bxc4 24. Qxc4 Nc6 25. b4 fxe4 26. bxc5 g5 27. Qxe4 gxh4 28. Qxc6 bxc5 29. Qxc5 Rc8 30. Qd5 hxg3 31. Qb7 gxh2+ 32. Kxh2 e4+ 33. Qxb8 Rxb8 34. Nxa7 Bxc3 35. Ra4 e3 36. Ra3 Rf6 37. Nb5 Be5+ 38. Kg1 Rbf8 39. a7 Rh6 40. g3 Bxg3 41. a8Q Bh2+ 42. Kg2 Rg6+ 43. Kxh2 e2 44. Re1 1-0

[Event "POL-chT2 U18"]
[Site "Augustow"]
[Date "1996.??.??"]
[Round "?"]
[White "Peszt, M."]
[Black "Paterek, Arkadiusz"]
[Result "0-1"]
[WhiteElo "1940"]
[BlackElo "1975"]
[PlyCount "79"]
[EventDate "1996.??.??"]
[EventType "team"]
[EventRounds "10"]
[EventCountry "POL"]
[SourceTitle "EXT 2003"]
[Source "ChessBase"]
[SourceDate "2002.11.25"]
[SourceVersion "1"]
[SourceVersionDate "2002.11.25"]
[SourceQuality "1"]

1. e4 Nf6 2. e5 Nd5 3. d4 d6 4. Nf3 Bg4 5. Be2 e6 6. 0-0 Be7 7. c4 Nb6 8. Nc3 0-0 9. Be3 Nc6 10. b3 Qd7 11. exd6 cxd6 12. a3 Bf6 13. Ne4 Kh8 14. Qc2 Bf5 15. Bd3 Bg6 16. Neg5 Bxd3 17. Qxd3 g6 18. Qe4 Rae8 19. Qh4 Bxg5 20. Bxg5 f5 21. Bf6+ Kg8 22. Rad1 Rc8 23. d5 exd5 24. cxd5 Na5 25. b4 Nac4 26. Ba1 f4 27. Rfe1 Rc7 28. Re6 Nxd5 29. Ng5 Ne5 30. Re1 Re8 31. Rxe8+ Qxe8 32. Ne4 Rc6 33. Rd1 Nd7 34. h3 Qxe4 35. Qd8+ Nf8 36. b5 Rc7 37. Qxd6 Rd7 38. Qc5 Qe6 39. Qc1 Qf7 40. Qb2 0-1